| 000 | 00537nam a2200181Ia 4500 | ||
|---|---|---|---|
| 003 | IN-BaIIA | ||
| 008 | 211028s9999 xx 000 0 eng d | ||
| 040 | _cIIA Library | ||
| 080 |
_a52 _bBEE-4 |
||
| 245 | 0 |
_aVitas in Astronomy _bvol. 4 _cedited by Arthur Beer |
|
| 260 |
_aOxford _bPergamon Press _c1961 |
||
| 300 | _a194p. | ||
| 500 | _aDonated by Mrs. Bappu | ||
| 650 |
_aAstronomy _980 |
||
| 650 | _aAstronomy and Astrophysics Thesaurus | ||
| 700 |
_aBeer, Arthur, ed. _93137 |
||
| 942 | _cBK | ||
| 999 |
_c7565 _d7565 |
||